<?xml version="1.0" encoding="UTF-8"?>
<record
    xmlns:xsi="http://www.w3.org/2001/XMLSchema-instance"
    xsi:schemaLocation="http://www.loc.gov/MARC21/slim http://www.loc.gov/standards/marcxml/schema/MARC21slim.xsd"
    xmlns="http://www.loc.gov/MARC21/slim">

  <leader>02273nam a22002894c 4500</leader>
  <controlfield tag="003">AR-BaSMT</controlfield>
  <controlfield tag="008">230327t2021     agd|||frib|| 001 0 spa d</controlfield>
  <datafield tag="020" ind1=" " ind2=" ">
    <subfield code="a">9789874180759</subfield>
  </datafield>
  <datafield tag="040" ind1=" " ind2=" ">
    <subfield code="a">BSGB</subfield>
    <subfield code="b">espa&#xF1;ol</subfield>
    <subfield code="c">BSGB</subfield>
    <subfield code="e">rda</subfield>
  </datafield>
  <datafield tag="041" ind1="0" ind2=" ">
    <subfield code="a">spa</subfield>
    <subfield code="h">espa&#xF1;ol</subfield>
  </datafield>
  <datafield tag="080" ind1=" " ind2=" ">
    <subfield code="a">574</subfield>
  </datafield>
  <datafield tag="100" ind1="1" ind2=" ">
    <subfield code="a">Cortizas, Ludmila</subfield>
    <subfield code="9">520</subfield>
  </datafield>
  <datafield tag="245" ind1="1" ind2=" ">
    <subfield code="a">Ambiente y biodiversidad en Argentina: </subfield>
    <subfield code="b">Problemas y desaf&#xED;os</subfield>
  </datafield>
  <datafield tag="250" ind1=" " ind2=" ">
    <subfield code="a">Primera edici&#xF3;n</subfield>
  </datafield>
  <datafield tag="264" ind1=" " ind2=" ">
    <subfield code="a">Buenos Aires ; </subfield>
    <subfield code="b">Del Aula Taller, </subfield>
    <subfield code="c">2021.</subfield>
  </datafield>
  <datafield tag="300" ind1=" " ind2=" ">
    <subfield code="a">58 p&#xE1;ginas, Ilustraciones blanco y negro.</subfield>
  </datafield>
  <datafield tag="336" ind1=" " ind2=" ">
    <subfield code="2">rdacontent</subfield>
    <subfield code="a">texto</subfield>
    <subfield code="b">txt</subfield>
  </datafield>
  <datafield tag="337" ind1=" " ind2=" ">
    <subfield code="2">rdamedia</subfield>
    <subfield code="a">sin mediaci&#xF3;n</subfield>
    <subfield code="b">n</subfield>
  </datafield>
  <datafield tag="338" ind1=" " ind2=" ">
    <subfield code="2">rdacarrier</subfield>
    <subfield code="a">volumen</subfield>
    <subfield code="b">nc</subfield>
  </datafield>
  <datafield tag="490" ind1=" " ind2=" ">
    <subfield code="a">Colecci&#xF3;n Sociedades y Medioambiente</subfield>
  </datafield>
  <datafield tag="520" ind1=" " ind2=" ">
    <subfield code="a">Sobre los autores | 5 
Presentaci&#xF3;n | 7 
I. &#xBF;Desde d&#xF3;nde nos posicionamos? | 9 
II. Componentes del ambiente | 13 
Los relieves. &#xBF;Qu&#xE9; son y cu&#xE1;les son sus caracter&#xED;sticas? | 14 
Climas. Elementos, factores y caracterizaci&#xF3;n | 15 
La red de aguas de Argentina | 17 
Suelos. Caracter&#xED;sticas, distribuci&#xF3;n y problemas | 17 
Ambientes y biodiversidad en Argentina | 21 
III. Problemas y conflictos ambientales | 23 
Biodiversidad en peligro. Especies amenazadas en Argentina | 23 
P&#xE9;rdida de la capa forestal a partir del avance de monocultivos agresores en el norte argentino | 24 
Impactos ambientales producidos por la urbanizaci&#xF3;n de humedales | 26 
Erosi&#xF3;n y desertificaci&#xF3;n de los suelos por sobrepastoreo en R&#xED;o Negro, Patagonia argentina | 28   
 IV. Los espacios de conservaci&#xF3;n como estrategias de cuidado y protecci&#xF3;n de la biodiversidad | 31 
Las &#xE1;reas protegidas. Categor&#xED;as de conservaci&#xF3;n y problemas | 31 
&#xC1;reas protegidas de usos m&#xFA;ltiples | 32 
&#xBF;De qu&#xE9; se trata la &#x201C;famosa&#x201D; Ley de Bosques? | 33 
En defensa de la biodiversidad | 35 
La funci&#xF3;n de los zool&#xF3;gicos y los jardines bot&#xE1;nicos en la conservaci&#xF3;n de la biodiversidad | 36 Los jardines bot&#xE1;nicos | 39 
V. P&#xE9;rdida de la biodiversidad, efectos en la salud y seguridad alimentaria | 41 
Desaf&#xED;os a tener en cuenta | 41 
Ap&#xE9;ndice gr&#xE1;fico | 43 
Bibliograf&#xED;a consultada | 55</subfield>
  </datafield>
  <datafield tag="521" ind1=" " ind2=" ">
    <subfield code="a">P&#xFA;blico general</subfield>
  </datafield>
  <datafield tag="650" ind1=" " ind2="7">
    <subfield code="9">85</subfield>
    <subfield code="a">ECOLOG&#xCD;A</subfield>
  </datafield>
  <datafield tag="700" ind1="1" ind2=" ">
    <subfield code="a">Lampert, Dami&#xE1;n</subfield>
    <subfield code="e">Autor</subfield>
    <subfield code="9">521</subfield>
  </datafield>
  <datafield tag="942" ind1=" " ind2=" ">
    <subfield code="2">ddc</subfield>
    <subfield code="a">BOOK</subfield>
  </datafield>
  <datafield tag="999" ind1=" " ind2=" ">
    <subfield code="c">692</subfield>
    <subfield code="d">692</subfield>
  </datafield>
  <datafield tag="952" ind1=" " ind2=" ">
    <subfield code="0">0</subfield>
    <subfield code="1">0</subfield>
    <subfield code="2">ddc</subfield>
    <subfield code="4">0</subfield>
    <subfield code="a">BSGB</subfield>
    <subfield code="b">BSGB</subfield>
    <subfield code="c">Ciencias Naturales</subfield>
    <subfield code="e">Compra feria del libro 2025</subfield>
    <subfield code="i">001071</subfield>
    <subfield code="l">0</subfield>
    <subfield code="o">574 COR</subfield>
    <subfield code="p">001071</subfield>
    <subfield code="t">1</subfield>
    <subfield code="y">BOOK</subfield>
    <subfield code="f"></subfield>
  </datafield>
</record>
